1202 1600 1298 1877 1244 1834 1500 1388 1684 1434 1848 1247 1143 1302 1809 1518 1739 1644 1664 1906 1113 1748 1084 1535 1275 1187 1309 1091 1637 1171 1094 1457 1807 1871 1620 1379 1514 1346 1262 1368 1851 1661 1991 1613 1147 1072 1473 1074 1630 1751 1720 1983 1257 1834 1210 1057 1758 1221 1471 1375 1617 1860 1978 1370 1879 1856 1250 1833 1166 1026 1869 1438 1803 1374 1493 1892 1198 1200 1685 1782 1690 1161 1476 1448 1661 1019 1559 1155 1116 1636 1280 1719 1278 1653 1488 1526 1072 1119 1682 BCNSPRNW ULIB Ver.6.0+V

เปลี่ยนเป็นภาษาไทย

Change to English
 แสดงรายละเอียดบรรณานุกรม
  กลับหน้าหลัก

Brief Record : Get Marc (ISO 2709) : E-mail record : QR code < ปิดหน้าต่าง
LEADER : 00000nam 2200000uu 4500
001    13399114214
003     ULIB
008    120305s2553||||th 000 0 tha d
020    ^a9786165092319
060 04 ^aQZ50^bว712ร
100 0  ^aวิโรจน์ ไววานิชกิจ
245 10 ^aรู้จริงโรคกรรมพันธุ์ /^cโดยวิโรจน์ ไววานิชกิจ
260    ^aกรุงเทพฯ :^bแฮปปี้บุ๊ค,^c2553
300    ^a127 หน้า :^bภาพประกอบ ;^c21 ซม.
650  7 ^aโรคพันธุกรรม
650  7 ^aโรคเลือดทางพันธุกรรม
650  7 ^aโรคมะเร็งทางพันธุกรรม
650  7 ^aโรคระบบประสาททางพันธุกรรม
945    ^p110^l0^i18874
995    ^aกัณชพร
999    ^aใช้งานได้ทุกระบบ
รายการนี้ยังไม่มีแท็ก
คุณยังไม่ได้ล็อกอิน คุณสามารถมีกิจกรรมร่วมกับเว็บไซต์ได้ แต่ต้องล็อกอินก่อน ::
  ล็อกอิน

รายการสื่อสารสนเทศ

ลำดับที่ ประเภท เลขเรียก/บาร์โค้ด สถานที่ สถานะ
- ไม่พบข้อมูล -

รายการใกล้เคียง
    ผู้แต่ง [วิโรจน์ ไววานิชกิจ]

    หัวเรื่อง [โรคพันธุกรรม]
    หัวเรื่อง [โรคเลือดทางพันธุกรรม]
    หัวเรื่อง [โรคมะเร็งทางพันธุกรรม]
    หัวเรื่อง [โรคระบบประสาททางพันธุกรรม]

BibComment


ยังไม่เคยถูกคอมเมนท์

คอมเมนท์ทรัพยากรรายการนี้
  คอมเมนท์: รู้จริงโรคกรรมพั..


 Copyright 2026. Bcnsprnw @Library